| 000 -LEADER |
| fixed length control field |
00367nam a22001217a 4500 |
| 008 - FIXED-LENGTH DATA ELEMENTS--GENERAL INFORMATION |
| fixed length control field |
250918b ||||| |||| 00| 0 eng d |
| 020 ## - INTERNATIONAL STANDARD BOOK NUMBER |
| International Standard Book Number |
9781529013061 |
| 082 ## - DEWEY DECIMAL CLASSIFICATION NUMBER |
| Classification number |
FIC LEO |
| 100 ## - MAIN ENTRY--PERSONAL NAME |
| Personal name |
LEONARD,M.G. |
| Relator term |
AUTHOR |
| Language of a work |
ENGLISH |
| 245 ## - TITLE STATEMENT |
| Title |
THE HIGHLAND FALCON THIEF |
| 260 ## - PUBLICATION, DISTRIBUTION, ETC. |
| Place of publication, distribution, etc. |
THE SMITHSON,6 B riset STREET,LONDON EC1M 5NR |
| Name of publisher, distributor, etc. |
MACMILLAN PUBLISHERS LIMITED |
| Date of publication, distribution, etc. |
2020 |
| 942 ## - ADDED ENTRY ELEMENTS (KOHA) |
| Source of classification or shelving scheme |
|